LEADER 01245nam a2200265 u 4500 001 000000009659 003 CaOOAMICUS 005 20070226105229.0 008 940615s1923 fr u000 u fre u 035 $a10242309 040 $aPUL(R)$bita 100 1 $aCassianus, Iohannes,$cs.,$dc. 360-435.$0(OLS)http://pul/name/9524 240 10$aDe institutis coenobiorum.$lFrancese.$0(OLS)http://pul/title/14152 245 14$aLes institutions cénobitiques et les remèdes aux huit principaux vices /$cJeaan Cassien ; traduction nouvelle par dom E. Pichery. 260 $aSaint-Maximin :$bLibrairie Saint Thomas d'Aquin,$c1923. 300 $a573 p. ;$c16 cm 500 $aComprende indici. 504 $aNote bibliografiche a piè di pagina. 700 1 $aPichery, E.$0(OLS)http://pul/name/9528 850 $aPUL 852 $aPUL$W1$xDP1 Fondo Maccarrone$y58$m1523 D 33$j13685$nBK-PRI$b $qFondi$B13685$CPULBib$Z2$F13685 $H $81 900 $aCassiano, Giovanni,$bs.,$dc. 360-435$99524 941 1 $a1 996 $6245$aLes institutions cénobitiques et les remèdes aux huit principaux vices$9(OLS)http://pul/title/14153 996 $6260$aSaint-Maximin :$bLibrairie Saint Thomas d'Aquin$9(OLS)http://pul/publisher/52562 LEADER 01299nam a2200265 u 4500 001 000000047492 003 CaOOAMICUS 005 20070226114906.0 008 991028s1999 it u000 u ita u 020 $a8846413598 035 $a10835259 040 $aMSA$bita 245 00$aEpiskepsi: il villaggio armonioso :$btradizione, modernità solidarietà e conflitto in una comunità greca /$cRoberto Cipriani ... [et al.]. 260 $aMilano :$bF. Angeli,$c1999. 300 $a210 p. : ;$c22 cm 490 1 $aLaboratorio sociologico.$aRicerca empirica ed intervento sociale ;$v17 650 4$aSociologia$xRicerca.$0(OLS)http://pul/subject/16124 700 1 $aCipriani, Roberto.$0(OLS)http://pul/name/5336 830 0$aLaboratorio sociologico.$pRicerca empirica ed intervento sociale ;$v17.$0(OLS)http://pul/title/63945 850 $aPUL 852 $aPUL$W1$xSL Diritto e Scienze Sociali 3$y79$m360 CIPRO 1$j63452$nBK-PRI$qDDC 21$B63452$CPULBib$Z2$F63452 $HPUL95111 $82 941 1 $a9 996 $6020$a8846413598$9(OLS)http://pul/number/59330 996 $6245$aEpiskepsi: il villaggio armonioso :$btradizione, modernità solidarietà e conflitto in una comunità greca$9(OLS)http://pul/title/63944 996 $6260$aMilano :$bF. Angeli$9(OLS)http://pul/publisher/48323